01000nam a2200265Ia 4500003000400000005001700004008004100021020002200062040000700084041000800091082001500099100002200114245001900136250000600155260005300161300001600214365001200230650001900242650002800261906003000289942001200319999001900331952017600350952020800526OSt20250709093428.0210719s2018 xx 000 0 und d a978-81-204-1746-5 cAL aeng a581.2 SINP aR S Singh9143216 aPlant diseases a9 aNew DelhibCBS Publishers and Distributorsc2018 axiv,700bPB b675cRs aBotany9143217 aPlant Pathology9143218 a9 ; diseases ; Ed ; Plant 2ddccBK c212102d212102 00102ddc40708BOTaALbALcSSSd2021-02-17eSapna Book House Pvt Ltd, K S Rao Road, Mangalore-575001g495.00l0o581.2 SINPp068218r2021-02-17 00:00:00w2021-02-17yBK 00102ddc40708BOTaALbALd2021-03-22eSapna Book House Pvt Ltd, K S Rao Road, Mangalore-575001 | General Annualg675.00l1o581.2 SINPp074916r2022-04-20 00:00:00s2022-04-11v540.00w2021-07-19yBK